000
00325nam a2200133 4500
999
_c
8819
_d
8819
003
OSt
005
20210223114506.0
008
210223b ||||| |||| 00| 0 eng d
082
_a
363.509
_b
GUH
100
_a
Guha P K
245
_a
Housing an Indian perspective
260
_a
India
_b
New central book agency
_c
1999
942
_2
ddc